Plan decenal de cultura 2016-2026 del departamento de cundinamarca: (Registro nro. 6214)
[ vista simple ]
| 000 -LEADER | |
|---|---|
| fixed length control field | 01233nam a2200241Ia 4500 |
| 003 - CONTROL NUMBER IDENTIFIER | |
| control field | OSt |
| 005 - DATE AND TIME OF LATEST TRANSACTION | |
| control field | 20200505114631.0 |
| 008 - FIXED-LENGTH DATA ELEMENTS--GENERAL INFORMATION | |
| fixed length control field | 191128s2015 ck gr 000 0 spa d |
| 020 ## - INTERNATIONAL STANDARD BOOK NUMBER | |
| International Standard Book Number | 9789588866918 |
| 040 ## - CATALOGING SOURCE | |
| Original cataloging agency | CO-JMCR |
| Transcribing agency | CO-JMCR |
| 041 0# - LANGUAGE CODE | |
| Language code of text/sound track or separate title | spa |
| 082 04 - DEWEY DECIMAL CLASSIFICATION NUMBER | |
| Classification number | 306.08968861 / |
| Item number | C387p |
| 100 1# - MAIN ENTRY--PERSONAL NAME | |
| Personal name | Ceballos Arevalo, Miguel Antonio, |
| Relator term | autor |
| 9 (RLIN) | 3927 |
| 245 10 - TITLE STATEMENT | |
| Title | Plan decenal de cultura 2016-2026 del departamento de cundinamarca: |
| Remainder of title | Convenio de asociaciones 226 de 2015 entre el iduct y la Universidad Sergio Arboleda / |
| Statement of responsibility, etc. | Miguel Antonio Ceballos Arevalo, Antonio Quiñones Valero, Santiago José Castro Agudelo, autor |
| 260 ## - PUBLICATION, DISTRIBUTION, ETC. | |
| Place of publication, distribution, etc. | Bogotá : |
| Name of publisher, distributor, etc. | Universidad Sergio Arboleda, |
| Date of publication, distribution, etc. | 2015 |
| 300 ## - PHYSICAL DESCRIPTION | |
| Extent | 142 páginas ; |
| Dimensions | 25 cm. |
| 505 ## - FORMATTED CONTENTS NOTE | |
| Formatted contents note | Marco conceptual -- Políticas culturales desde el contexto internacional -- Contexto de la cultura en colombia -- Resultados del proceso de investigación -- Plan decenal de cultura 2016-2026 del departamento de cundinamarca |
| 650 14 - SUBJECT ADDED ENTRY--TOPICAL TERM | |
| Topical term or geographic name entry element | Politica cultural |
| Geographic subdivision | Cundinamarca, Colombia |
| 9 (RLIN) | 3928 |
| 650 24 - SUBJECT ADDED ENTRY--TOPICAL TERM | |
| Topical term or geographic name entry element | Planificación cultural |
| Geographic subdivision | Cundinamarca, Colombia |
| 9 (RLIN) | 3929 |
| 700 1# - ADDED ENTRY--PERSONAL NAME | |
| Personal name | Quiñones Valero, Antonio, |
| Relator term | autor |
| 9 (RLIN) | 3930 |
| 700 1# - ADDED ENTRY--PERSONAL NAME | |
| Personal name | Castro Agudelo, Santiago José, |
| Dates associated with a name | autor |
| 9 (RLIN) | 3931 |
| 942 ## - ADDED ENTRY ELEMENTS (KOHA) | |
| Source of classification or shelving scheme | Dewey Decimal Classification |
| Koha item type | Books |
| Withdrawn status | Lost status | Source of classification or shelving scheme | Materials specified (bound volume or other part) | Damaged status | Not for loan | Home library | Current library | Shelving location | Date acquired | Source of acquisition | Cost, normal purchase price | Total Checkouts | Full call number | Barcode | Date last seen | Copy number | Price effective from | Koha item type |
|---|---|---|---|---|---|---|---|---|---|---|---|---|---|---|---|---|---|---|
| Dewey Decimal Classification | Donacion--01/12/2017-- | Biblioteca Pública José María del Castillo y Rada | Biblioteca Pública José María del Castillo y Rada | General Stacks | 11/28/2019 | Donación | 0.00 | 306.08968861 / C387p | 430012442 | 05/16/2024 | Ej.1 | 11/28/2019 | Books |